SISCIS : subject index to sources of comparative international statistics /

Bibliographic Details
Main Author: Pieper, Frank C.
Format: Book
Language:English
Published: Beckenham : CBD Research Ltd., 1978.
Subjects:

MARC

Tag First Indicator Second Indicator Subfields
LEADER 00000cam a2200000 i 4500
001 in00000055721
005 20160526122540.0
008 790119s1978 enk i 00010 eng
010 |a  78323066  
015 |a GB78-23909 
020 |a 0900246235 :  |c 52.50 
035 |a (OCoLC)04667441 
035 |9 AAH2663AM 
040 |a DLC  |c DLC  |d TXA  |d UtOrBLW 
049 |a TXAF  |c [1191709] 
050 0 0 |a Z7551  |b .P54 
050 0 0 |a HA155 
100 1 |a Pieper, Frank C. 
245 1 0 |a SISCIS :  |b subject index to sources of comparative international statistics /  |c compiled by F. C. Pieper. 
264 1 |a Beckenham :  |b CBD Research Ltd.,  |c 1978. 
300 |a 2 unnumbered pages, xxii, 745 pages ;  |c 31 cm. 
336 |a text  |b txt  |2 rdacontent 
337 |a unmediated  |b n  |2 rdamedia 
338 |a volume  |b nc  |2 rdacarrier 
650 0 |a Statistics  |x Indexes. 
740 0 |a Subject index to sources of comparative international statistics. 
999 |a MARS 
999 f f |s 20182507-ff99-3e45-8879-04ff77cefdaa  |i 0f532efe-37d1-357e-b1f9-3ee455bf753a  |t 0 
952 f f |p ric  |a Texas A&M University  |b Rellis Campus  |c Joint Library Facility  |d Remote Storage  |t 0  |e Z7551 .P54  |h Library of Congress classification  |i unmediated -- volume  |m A14805912966 
998 f f |a Z7551 .P54  |t 0  |l Remote Storage